Beatles Songs That Are Movie Titles - Statistics

General Stats
  • This quiz has been taken 58 times
  • The average score is 7 of 19
Answer Stats
Song Film Title % Correct
1966 1968 Yellow Submarine
85%
1965 2019 Yesterday
85%
1965 1965 Help!
83%
1970 1970 Let it Be
81%
1964 1964 A Hard Day's Night
75%
1967 1967 Magical Mystery Tour
48%
1969 2007 Across the Universe
38%
1967 1978 Sgt. Pepper's Lonely Hearts Club Band
35%
1968 2019 Blackbird
29%
1964 1987 Can't Buy Me Love
27%
1968 1976 Helter Skelter
27%
1966 2008 Nowhere Man
25%
1968 1992 Back in the U.S.S.R.
21%
1967 2019 Lucy in the Sky With Diamonds
21%
1967 1970 Hello, Goodbye
19%
1962 2007 P.S. I Love You
17%
1970 2000 Two of Us
12%
1968 2022 Glass Onion
10%
1965 2015 The Night Before
6%
No matching quizzes found
Score Distribution
Percent of People with Each Score
Percentile by Number Answered
Your Score History
You have not taken this quiz